• 首页
  • 本馆介绍
  • 公告通知
  • 最新文献
  • 馆藏检索
  • 电子资源
  • 读者导购
  • 参考咨询
  • 我的图书馆
  • 登录
  • 详细信息显示
  • 放入我的书架
  • 预约/预借图书
  • 作者相关作品
  • 分类相关作品
  • 丛书相关作品
  • 出版社相关作品

书目信息

  • 表格格式
  • 工作单格式
  • 卡片格式
题名:
清末筹备立宪档案史料
    
 
作者: ;故宫博物院明清档案部 编
分册: 上册  
出版信息: 北京   中华书局  1979
页数: 602页
开本: 20cm
丛书名:
单 册:
中图分类: K206.3
科图分类:
主题词: 立宪君主制--中国--清代--史料 , 中国--通史
电子资源:
ISBN:
000 00689nam0 2200229 45
001 0179007613
005 20061115102020.87
010    @dCNY1.95
091    @aCN@b11018.553
100    @a19950724d1979 em y0chiy0121 ea
101 0  @achi
102    @aCN@b110000
105    @ay z 000yy
200 10 @a清末筹备立宪档案史料@Aqing mo chou bei li xian dang an shi liao@h上册@f故宫博物院明清档案部编
210    @a北京@c中华书局@d1979
215    @a602页@d20cm
606    @a立宪君主制@y中国@z清代@x史料
606 0  @a中国@x通史
690    @aK206.3@v3
711 02 @a故宫博物院明清档案部@Agu gong bo wu yuan ming qing dang an bu@4编
801  0 @aCN@bTSSF@c20061115
905    @a10447@dK206.3@e42:1
    
    清末筹备立宪档案史料.上册/故宫博物院明清档案部编.-北京:中华书局,1979
    602页;20cm
    
    
    ISBN :CNY1.95
    
●
相关链接 在E读中查询图书 在五车中查询图书 在当当中查询图书 在豆瓣中查询图书


正题名:清末筹备立宪档案史料     索取号:K206.3/42:1         预约/预借

序号 登录号 条形码 馆藏地/架位号 状态 备注
1 0025283   202113319   第二样本阅览室/ [索取号:K206.3/42:1] 在馆    
唐山师范学院图书馆 欢迎您!
大连网信软件有限公司© 版权所有